000 00461nam a2200157Ia 4500
008 230711s9999||||xx |||||||||||||| ||und||
041 _aENG
082 _a624
_bBU-I
100 _aBureau of Indian Standard
245 0 _aIS : 3068 1986
_bSpecification for broken brick (burnt clay)coarse aggregate for use in lime concrete
250 _a1st
260 _c1986
_aNew Delhi
_bBureau of Indian Standard
300 _a7
650 _aCivil Engineering
942 _cBK
999 _c8288
_d8288